000 00471cam a22001934a 4500
005 20250605164246.0
008 250528s ||||||||||||||||||||||||d
035 _a21539
020 _a9780273708896
040 _aGR-AtMCL
_bgre
_dGR-AtMCL
_eAACR2
245 1 _aQUANTITATIVE APPROACHES IN BUSINESS STUDIES
250 _a7
260 _bPrentice Hall,
_c2008
300 _a508
700 1 _aMorris Clare
_9961
942 _cBK
999 _c6601
_d6601